000 00628nam 22002173 4500
001 198522
010 _a978-989-8978-31-8
021 _b529972/24
_aPT
090 _a198522
100 _a20251021d u||y0pory50 ba
101 _apor
102 _aPT
200 _aSophia
_e17º Edição do Concurso Literário Sophia de Mello Breyner Andresen
210 _aLoulé/Lagos
_cCâmara Municipal de Loulé e Lagos
_d2024
215 _a67 p.
_cbrochado
_d21cm
606 _aLiteratura Juvenil Portuguesa
_951
675 _a821.134.3-93
_vPT
_zpor
700 _91351
_aAnónimo
801 _aPT
_bBMMN
_gRPC
830 _cAna Caetano
990 _cLIVROS